| 000 | 01398cam a2200349 4500 | ||
|---|---|---|---|
| 001 | WS109123 | ||
| 008 | 000000n 000 0 eng u | ||
| 035 | _a(Sirsi) u109123 | ||
| 245 | _aSurveyors Plus | ||
| 520 | _aWeb site describing itself as ' a new portal for the building industry, which focuses on the surveyors needs'. It includes costs information provided by Gardiner and Theobald, legal definitions and cases from James R Knowles, a directory of contractors, subcontractors and house builders, details of software packages. It also links to Constructionplus which has searchable archive of articles from E-map publications such as Architects Journal and Construction News. | ||
| 650 | _aBUILT ENVIRONMENT-BUILDING COSTS | ||
| 650 | _aOFFICES | ||
| 650 | _aCAR PARKS | ||
| 650 | _aSHOPPING CENTRES | ||
| 650 | _aHOTELS | ||
| 650 | _aTENDER PRICES | ||
| 650 | 0 | _aBUILT ENVIRONMENT-BUILDING MAINTENANCE AND REFURBISHMENT | |
| 650 | _aSOCIAL HOUSING | ||
| 650 | _aCINEMAS | ||
| 650 | _aINDUSTRIAL | ||
| 650 | _aGLOSSARY | ||
| 650 | _aLAW CASES | ||
| 650 | _aDEFINITIONS | ||
| 650 | _aCONTRACTORS | ||
| 650 | 0 | _aSUBCONTRACTORS | |
| 650 | _aHOUSE BUILDERS | ||
| 650 | _aDIRECTORY | ||
| 650 | _aSOFTWARE | ||
| 690 | _aBUILT ENVIRONMENT | ||
| 856 | 4 | 0 |
_uhttps://www.surveyorsplus.co.uk _zView the website free of charge at www.surveyorsplus.co.uk... |
| 942 | _n0 | ||
| 999 |
_c119710 _d119710 |
||